header

Information Technology project Management (Record no. 259110)

MARC details
000 -LEADER
fixed length control field 00232nam a22000977a 4500
020 ## - INTERNATIONAL STANDARD BOOK NUMBER
ISBN 0619035285
245 ## - TITLE STATEMENT
Title Information Technology project Management
250 ## - EDITION STATEMENT
Edition statement 2nd ed
260 ## - PUBLICATION, DISTRIBUTION, ETC. (IMPRINT)
Place of publication Canada
Name of publisher Course Technology
Year of publication 2002
942 ## - ADDED ENTRY ELEMENTS (KOHA)
Koha item type Long Loan Books
Holdings
Withdrawn status Lost status Collection code Home library Current library Shelving location Date acquired Full call number Accession Number Koha item type
    Non-fiction Rongo University Library Rongo University Library General Stacks 01/09/2020 HD69.P75 S392 2002 201614799 Long Loan Books

© 2026 Rongo University
Contact us: librarian | system librarian | Rongo university